Estadísticas para 15 principales países con muertes de Covid-19 - 4 de mayo

Haz click aquí para intentar la prueba.

Estadísticas generales

  • Esta prueba ha sido intentada 4 veces
  • La puntuación promedio es 19 de 21

Estadísticas de respuestas

país% Correcto
Alemania
100%
Bélgica
100%
Brasil
100%
Canadá
100%
China
100%
España
100%
Estados Unidos
100%
Irán
100%
Irlanda
100%
Italia
100%
México
100%
Países Bajos
100%
Reino Unido
100%
Suecia
100%
Suecia
100%
Suiza
100%
Francia
75%
Portugal
75%
Turquía
75%
Dinamarca
50%
Ecuador
50%

Distribución de puntuación

Porcentaje por número respondido

Porcentaje de gente con cada puntuación

Historial de tus puntuaciones

No has intentado esta prueba.